El paseo de las esculturas [fotocopia] /
Guardado en:
| Formato: | Libro |
|---|---|
| Publicado: |
Bah¡a Blanca :
, 0
|
| Materias: | |
| Etiquetas: |
Agregar Etiqueta
Sin Etiquetas, Sea el primero en etiquetar este registro!
|
| LEADER | 00569nam a22001935a 4500 | ||
|---|---|---|---|
| 001 | CEM.cems009524 | ||
| 005 | 20060214000000.0 | ||
| 008 | 130507b######################000#0#####d | ||
| 003 | CEMS | ||
| 082 | 0 | 4 | |a F982.1 |
| 245 | 0 | 0 | |a El paseo de las esculturas [fotocopia] / |
| 260 | |a Bah¡a Blanca : |b , 0 | ||
| 300 | |a 12 p. | ||
| 505 | 0 | |a Fotos y notas publicadas en La Nueva Provincia.- | |
| 653 | |a Bahia blanca-escultura | ||
| 653 | |a Bahia blanca-urbanismo | ||
| 653 | |a Fc | ||
| 653 | |a Paseo de las esculturas | ||
| 859 | |a CEMS |b BIB. CEMS - 11 de abril |h F982.1 |i 22 |p 1521.44 |t Ej.1 | ||
